| 000 | 00476nam a2200193Ia 4500 | ||
|---|---|---|---|
| 008 | 170918s9999 xx 000 0 und d | ||
| 020 | _a9780007293704 | ||
| 050 | _bH816tr 2009 | ||
| 100 | _aHorrie, Chris | ||
| 245 | _aTrue blue : | ||
| 245 | _bstrange tales from a tory nation / | ||
| 245 | _cby Chris Horrie. | ||
| 260 | _aGreat Britain : | ||
| 260 | _bFourth Estate, | ||
| 260 | _c2009 | ||
| 300 | _a248 pages : | ||
| 300 | _billustrations ; | ||
| 300 | _c21cm. | ||
| 999 |
_c343940 _d343940 |
||